000 00862nam a2200289Ia 4500
005 20260324115257.0
008 008 260324s9999 xx 000 0 eng d
020 _a9781315148700
037 _aEBOOK
040 _aCRL
040 _beng
040 _cCRL
041 _2eng
041 _aeng
084 _qCRL
100 _aFord Lumban Gaol; Fonny Hutagalung; Chew Peng
_91154045
245 0 _aIssues and Trends in Interdisciplinary Behavior and Social Science
245 0 _bProceedings of the 6th International Congress on Interdisciplinary Behavior and Social Sciences (ICIBSoS 2017), July 22-23, 2017, Bali, Indonesia
260 _bTaylor and Francis
260 _c2018
365 _a
365 _b465
856 _uhttp://www.taylorfrancis.com/books/9781315148700
942 _cEBOOK
999 _c1744806
_d1744806